000 00446pab a2200145 454500
008 180718b2001 xxu||||| |||| 00| 0 eng d
100 _aGuillen, Mauro F.
245 _aIs globalization civilizing, destructive or feeble? A critique of five key debates in the social science literature
260 _c2001
300 _ap.235-60
650 _aSocial sciences
650 _aGlobalization
773 _aAnnual Review of Sociology
909 _a50272
999 _c50272
_d50272